000 01025nam a22003257a 4500
003 CHAP
005 20220329141253.0
008 971010s1989 r 00010 d
010 _a65493
011 _a66465
035 _a74625
040 _cCHAP
082 _a632.96
_bJ3
100 0 0 _aJacobson, Martin.
_960863
245 _aFocus on phytochemiscal pesticide 1988
260 _aBoca Raton, Fla. :
_bCRC,
_c1989
300 _av.
500 _aLa biblioteca tiene: v.1 The Neem tree
590 _aBATCH-UPD
_b10
_c20130110
_lUCH01
_h0940
590 _aBATCH-UPD
_b10
_c20170620
_lUCH01
_h0913
590 _aCONVERSION
_b10
_c20130109
_lUCH01
_h1336
650 1 4 _aÁrboles ornamentales.
_96693
650 1 4 _aAzadirachta indica.
_99047
650 1 4 _aPesticidas.
_987536
650 1 4 _aPlantas insecticidas.
_989010
901 _aBK
942 _cLIBRO
949 _a632.95 J3
_bPA
_cLIBRO
_d-7499
_eLIBRO
_fv.1
_h1836
_i74625
_si
949 _a632.96 J3
_bBC
_cLIBRO
_d33724000187936
_eLIBRO
_fv.1
_gI.153093
_h79061
_i74625
_si
_t220.00
999 _c65493
_d65493